25 Największych Miast w Państwach Słowiańskich - Statystyki

Ogólne statystyki
  • Ten quiz został rozwiązany 82 razy
  • Średni wynik to 18 z 25
Odpowiedzi na mapie
Odpowiedzi zakodowano w zielono-czerwonej skali na mapie do tego quizu, zgodnie z poniższymi procentami.
 
Statystyki odpowiedzi
Państwo Miasto Populacja % Poprawnych
Rosja Moskwa 13,2 mln
100%
Rosja Petersburg 5,6 mln
100%
Ukraina Kijów 2,9 mln
98%
Polska Warszawa 1,7 mln
98%
Polska Kraków 810k
97%
Białoruś Mińsk 2 mln
97%
Czechy Praga 1,4 mln
97%
Serbia Belgrad 1,2 mln
95%
Bułgaria Sofia 1,2 mln
95%
Ukraina Lwów 720k
94%
Ukraina Odessa 1 mln
86%
Ukraina Donieck 900k
85%
Ukraina Charków 1,42 mln
83%
Rosja Rostów nad Donem 1,14 mln
69%
Rosja Wołgograd 1,01 mln
66%
Rosja Kazań 1,3 mln
62%
Ukraina Dniepropietrowsk 970k
52%
Ukraina Zaporoże 710k
52%
Rosja Niżny Nowogród 1,2 mln
49%
Rosja Krasnodar 1,15 mln
46%
Rosja Samara 1,15 mln
42%
Rosja Ufa 1,16 mln
38%
Rosja Perm 1,03 mln
37%
Rosja Woroneż 1,04 mln
31%
Rosja Saratów 890k
23%
Nie znaleziono quizów pasujących do podanych kryteriów
Rozkład punktacji
Procent ludzi z każdym wynikiem
Percentyl według liczby udzielonych odpowiedzi
Twoja historia wyników
Nie rozwiązałeś tego quizu